000 01296cam a2200337 a 4500
001 16271790
003 OSt
005 20250617094023.0
008 100608s2010 nyua c 000 1 eng
010 _a 2010017429
020 _a9780810989863 (alk. paper)
040 _aDLC
_cDLC
_dDLC
042 _alcac
050 0 0 _aPZ7.B882323
_bNfm 2010
082 0 0 _a[Fic]
_222
100 1 _aBuckley, Michael,
_d1969-
245 1 0 _aM is for Mama's boy /
_cMichael Buckley ; illustrations by Ethen Beavers.
260 _aNew York :
_bAmulet Books,
_c2010.
300 _a246 p. :
_bill. ;
_c22 cm.
490 0 _aNERDS ;
_vbk. 2
520 _aLed by Duncan "Gluestick" Dewey, the NERDS team uses brain power and courage rather than gadgets when they face off against supervillian Simon, his band of savage squirrels, and Albert, a middle-aged computer genius who lives with his mother.
650 1 _aSpies
_vFiction.
650 1 _aSuperheroes
_vFiction.
650 1 _aSchools
_vFiction.
650 1 _aSquirrels
_vFiction.
650 1 _aHumorous stories.
700 1 _aBeavers, Ethen,
_eill.
906 _a7
_bcbc
_corignew
_d1
_eecip
_f20
_gy-gencatlg
942 _2lcc
_cBK
999 _c262683
_d262682